GREAT SHORT WORKS OF STEPHAN CRANE (Record no. 1442)
[ view plain ]
| 000 -LEADER | |
|---|---|
| fixed length control field | 00444cam a2200181ua 4500 |
| 008 - FIXED-LENGTH DATA ELEMENTS--GENERAL INFORMATION | |
| fixed length control field | 161031n1958 II |||gr||||Z||||||eng |
| 040 ## - CATALOGING SOURCE | |
| Original cataloging agency | MAIN |
| 041 ## - LANGUAGE CODE | |
| -- | English |
| 082 ## - DEWEY DECIMAL CLASSIFICATION NUMBER | |
| Classification number | 920 MAG |
| 100 ## - MAIN ENTRY--PERSONAL NAME | |
| Personal name | MAGILL, FRANK N. |
| 245 ## - TITLE STATEMENT | |
| Title | GREAT SHORT WORKS OF STEPHAN CRANE |
| 250 ## - EDITION STATEMENT | |
| Edition statement | 1ST. |
| 260 ## - PUBLICATION, DISTRIBUTION, ETC. | |
| Place of publication, distribution, etc. | NEW YORK: |
| Name of publisher, distributor, etc. | HARPER & ROW PUBLISHERS, |
| Date of publication, distribution, etc. | 1965. |
| 300 ## - PHYSICAL DESCRIPTION | |
| Extent | 217: |
| Dimensions | 18CM. |
| 700 ## - ADDED ENTRY--PERSONAL NAME | |
| Personal name | MAGILL, FRANK N., |
| Relator term | AUTHOR. |
| 942 ## - ADDED ENTRY ELEMENTS (KOHA) | |
| Koha item type | Books |
| Withdrawn status | Lost status | Damaged status | Not for loan | Collection code | Home library | Current library | Shelving location | Date acquired | Full call number | Barcode | Date last seen | Copy number | Price effective from | Koha item type | Public note |
|---|---|---|---|---|---|---|---|---|---|---|---|---|---|---|---|
| REFENG | Central Library and Information Centre Sibsagar Girls College | Central Library and Information Centre Sibsagar Girls College | Biography | 07.04.1968 | 920 MAG | 01630 | 27.02.2020 | 1 | 27.02.2020 | Books | V |